Práca a mzda odborný časopis pre otázky odmeňovania, pracovného práva, personalistiky, kolektívneho vyjednávania a pre sociálnu oblasť

Saved in:
Bibliographic Details
Format: Serial
Language:Slovak
Published: Bratislava Práca
Subjects:
Tags: Add Tag
No Tags, Be the first to tag this record!

MARC

LEADER 00000nas1a22000001 4500
001 s120015
005 20250708092020.3
022 |a 1211-0930 
041 0 |a slo 
044 |a SK 
245 1 0 |a Práca a mzda  |b odborný časopis pre otázky odmeňovania, pracovného práva, personalistiky, kolektívneho vyjednávania a pre sociálnu oblasť 
264 1 |a Bratislava  |b Práca 
610 2 0 |a práca 
610 2 0 |a mzdy 
610 2 0 |a právo pracovné 
610 2 0 |a politika mzdová